[Event "Challenge"]
[Site "http://www.queenalice.com/game.php?id=504318"]
[Date "2008.12.7"]
[Round "-"]
[White "Mazarine"]
[Black "Ponce"]
[Result "1/2-1/2"]
[WhiteElo "1834"]
[BlackElo "1638"]

1. d4 d5 2. Nf3 c6 3. e3 Qb6 4. c3 Bf5 5. Nbd2 Qc7 6. c4 e6 7. c5 Nf6 8. b4 Be7
9. Qb3 O-O 10. a4 a5 11. Be2 Na6 12. Bxa6 bxa6 13. bxa5 Rfb8 14. Qc3 Be4 15.
Nxe4 Nxe4 16. Qd3 Qxa5+ 17. Nd2 Ng5 18. O-O f5 19. f4 Ne4 20. Nxe4 dxe4 21. Qd2
Qd8 22. a5 Qe8 1/2-1/2

[Event "Challenge"]
[Site "http://www.queenalice.com/game.php?id=504319"]
[Date "2008.12.7"]
[Round "-"]
[White "Ponce"]
[Black "Mazarine"]
[Result "0-1"]
[WhiteElo "1646"]
[BlackElo "1826"]

1. c4 Nf6 2. b4 b6 3. Bb2 e6 4. e3 Bxb4 5. a3 Be7 6. d4 Bb7 7. f3 c5 8. e4 d6 9.
d5 exd5 10. cxd5 O-O 11. Nd2 Nbd7 12. Bc4 Re8 13. Ne2 Bf8 14. O-O Qc8 15. g4 h6
16. Nf4 Ba6 17. Qc2 b5 18. Be2 Rb8 19. Kg2 Bb7 20. Bxb5 Ba6 21. Bc4 Bb7 22. h4
Ne5 23. g5 Nfg4 24. fxg4 Qxg4+ 25. Kf2 Qxf4+ 26. Ke2 Qg4+ 27. Nf3 Nxc4 28. Qxc4
Rxe4+ 29. Qxe4 Qxe4+ 30. Kf2 Bxd5 31. Nd2 Rxb2 0-1

[Event "Challenge"]
[Site "http://www.queenalice.com/game.php?id=506571"]
[Date "2008.12.12"]
[Round "-"]
[White "Mazarine"]
[Black "Abstro"]
[Result "1-0"]
[WhiteElo "1871"]
[BlackElo "1912"]

1. d4 d5 2. c4 c6 3. Nc3 e6 4. c5 Nf6 5. e3 b6 6. b4 Be7 7. Nf3 O-O 8. Bd3 Ba6
9. Bc2 Nfd7 10. Ne2 f6 11. O-O e5 12. Re1 e4 13. Nd2 f5 14. Nf4 Rf6 15. Bb3 Rh6
16. Nxd5 Kh8 17. Nxe7 Qxe7 18. a4 Bc8 19. f4 Na6 20. Ba3 b5 21. a5 Nf8 22. Nf1
Rh4 23. Qd2 h6 24. d5 Bb7 25. d6 Qf6 26. g3 Rg4 27. Bd1 Rg6 28. Bh5 1-0

[Event "Challenge"]
[Site "http://www.queenalice.com/game.php?id=506572"]
[Date "2008.12.12"]
[Round "-"]
[White "Abstro"]
[Black "Mazarine"]
[Result "1-0"]
[WhiteElo "1896"]
[BlackElo "1887"]

1. d4 d5 2. c4 c6 3. e3 dxc4 4. Bxc4 Nf6 5. Nc3 e6 6. a3 Nbd7 7. Nf3 Nb6 8. Ba2
Be7 9. O-O Nbd5 10. Ne5 Nd7 11. Qh5 Nxe5 12. Qxe5 Bf6 13. Qg3 Qc7 14. Nxd5 Qxg3
15. Nxf6+ 1-0

[Event "Challenge"]
[Site "http://www.queenalice.com/game.php?id=506840"]
[Date "2008.12.12"]
[Round "-"]
[White "Mazarine"]
[Black "Abstro"]
[Result "1-0"]
[WhiteElo "1889"]
[BlackElo "1894"]

1. e4 e5 2. Nf3 Nc6 3. Bb5 d6 4. Be2 Nf6 5. d3 h6 6. Nbd2 Be7 7. h3 O-O 8. c3
Nh5 9. Nf1 Kh8 10. Nxe5 Nf4 11. Bxf4 dxe5 12. Be3 f5 13. exf5 Bxf5 14. Qd2 Bg6
15. Bxh6 Bh4 16. Be3 Qf6 17. g3 Bg5 18. Bxg5 Qxf2+ 19. Kd1 Qg2 20. Rh2 Rxf1+ 21.
Bxf1 Qxf1+ 22. Qe1 Qxd3+ 23. Rd2 Qf3+ 24. Kc1 Qf5 25. h4 Na5 26. Qf2 Qxf2 27.
Rxf2 Bh5 28. Kc2 Bg6+ 29. Kd1 Rd8+ 30. Bxd8 1-0

[Event "Challenge"]
[Site "http://www.queenalice.com/game.php?id=506841"]
[Date "2008.12.12"]
[Round "-"]
[White "Abstro"]
[Black "Mazarine"]
[Result "0-1"]
[WhiteElo "1869"]
[BlackElo "1905"]

1. d4 Nf6 2. c4 e6 3. a3 c5 4. Nc3 d6 5. dxc5 dxc5 6. Qxd8+ Kxd8 7. e3 b6 8. Nf3
Bb7 9. Be2 Nbd7 10. O-O Ke7 11. Ng5 a6 12. b4 h6 13. Nge4 Nxe4 14. Nxe4 Bxe4 15.
Bd2 Ra7 16. f3 Bh7 17. e4 e5 18. a4 Kd8 19. b5 a5 20. Bd3 Bd6 21. g3 Nf8 22. f4
Rd7 23. Bc2 Ne6 24. fxe5 Bxe5 25. Rad1 Kc7 26. Be3 Rhd8 27. Rd5 Bd4 28. Bxd4
Nxd4 29. Bb1 Ne2+ 30. Kf2 Nc3 31. Rxd7+ Rxd7 32. Ke3 Nxa4 33. Bd3 Nb2 0-1

[Event "Challenge"]
[Site "http://www.queenalice.com/game.php?id=507348"]
[Date "2008.12.13"]
[Round "-"]
[White "Mazarine"]
[Black "zolaweed"]
[Result "1/2-1/2"]
[WhiteElo "1937"]
[BlackElo "1901"]

1. d4 e6 2. Nf3 Nf6 3. Bg5 Be7 4. Nbd2 O-O 5. e3 d6 6. Bd3 g6 7. c3 Bd7 8. Qc2
Kg7 9. Nb3 Ba4 10. Nfd2 c5 11. Qc1 b5 12. dxc5 dxc5 13. Bxf6+ Bxf6 14. Be4 Na6
15. Bxa8 Qxa8 16. O-O Rd8 17. Qe1 b4 18. Qe2 Qb7 19. Rfc1 Rd5 20. Rab1 Rg5 21.
Nf3 Rh5 22. Nbd2 Bc6 23. c4 Qc7 24. Rd1 Bxf3 25. Nxf3 e5 26. e4 Nb8 27. b3 Nc6
28. Rd5 Nd4 29. Nxd4 cxd4 30. c5 Be7 31. Qb5 a6 32. Qxb4 Rh4 33. Re1 Rh5 34. Qb6
Qc8 35. c6 Qg4 36. Qa5 Qh4 37. h3 Rg5 38. Rxe5 Bb4 39. Qxb4 Rxe5 40. Qxd4 Qe7
41. f4 Qc5 42. Qxc5 Rxc5 43. Rd1 Rxc6 44. Rd2 1/2-1/2

[Event "Challenge"]
[Site "http://www.queenalice.com/game.php?id=507349"]
[Date "2008.12.13"]
[Round "-"]
[White "zolaweed"]
[Black "Mazarine"]
[Result "0-1"]
[WhiteElo "1898"]
[BlackElo "1922"]

1. e4 c5 2. Nc3 e6 3. b3 Nc6 4. Nf3 g6 5. d4 cxd4 6. Nxd4 Bg7 7. Be3 a6 8. f4 d6
9. Qd2 Nge7 10. O-O-O O-O 11. Nce2 Qa5 12. c3 Rd8 13. Qb2 b5 14. Bd2 Qc7 15. g3
Nxd4 16. Nxd4 Bxd4 17. Kb1 Bg7 18. a3 Bb7 19. Bg2 a5 20. Rc1 Qd7 21. h4 Rdc8 22.
Rc2 h5 23. Rd1 f5 24. Bc1 Bxe4 25. Bxe4 fxe4 26. Be3 Nf5 27. Bf2 Nh6 28. Be1 b4
29. a4 Ng4 30. Qc1 d5 31. Ka2 Qc6 32. Qa1 Ne3 33. Rdc1 Nxc2 34. Rxc2 d4 0-1

[Event "Ponce-2"]
[Site "http://www.queenalice.com/game.php?id=523056"]
[Date "2009.1.15"]
[Round "3"]
[White "gomonkey"]
[Black "Mazarine"]
[Result "0-1"]
[WhiteElo "1616"]
[BlackElo "1936"]

1. e4 e5 2. Nf3 Nc6 3. d4 exd4 4. Nxd4 Bc5 5. c3 Qf6 6. Be3 Nge7 7. b4 Nxd4 8.
bxc5 Ndc6 9. Bd4 Nxd4 10. cxd4 d6 11. Qc2 Qxd4 12. Nc3 Qxc5 13. Bd3 Ng6 14. O-O
Nf4 15. h3 Qg5 16. g3 Bxh3 17. Qd2 Bxf1 18. Qxf4 Qxf4 19. gxf4 Bxd3 20. f3 O-O
21. Nd5 c6 22. Nb4 Bc4 23. Rc1 Be6 24. f5 Bc8 25. Rd1 Rd8 26. e5 d5 27. f6 g6
28. f4 Bf5 29. Re1 Re8 30. Nc2 Bxc2 0-1

[Event "Challenge"]
[Site "http://www.queenalice.com/game.php?id=523865"]
[Date "2009.1.16"]
[Round "-"]
[White "Mazarine"]
[Black "Abstro"]
[Result "1-0"]
[WhiteElo "1919"]
[BlackElo "1882"]

1. d4 d5 2. Nf3 e6 3. Bf4 Bd6 4. Bxd6 Qxd6 5. e3 Qb4+ 6. Nbd2 Qxb2 7. Qb1 Qc3 8.
Bd3 Qa5 9. O-O Nd7 10. Qb5 Qxb5 11. Bxb5 c6 12. Bd3 f6 13. c4 Nh6 14. Rfc1 e5
15. dxe5 fxe5 16. cxd5 cxd5 17. Bb5 O-O 18. Bxd7 Bxd7 19. Nxe5 Be6 20. Rc7 b6
21. Ndf3 Ng4 22. Nxg4 Bxg4 23. Nd4 a6 24. h3 Bc8 25. a4 Rf7 26. Rc6 Rb8 27. Rb1
b5 28. axb5 axb5 29. Rxb5 Rxb5 30. Rxc8+ 1-0

[Event "Challenge"]
[Site "http://www.queenalice.com/game.php?id=523866"]
[Date "2009.1.16"]
[Round "-"]
[White "Abstro"]
[Black "Mazarine"]
[Result "1-0"]
[WhiteElo "1844"]
[BlackElo "1939"]

1. d4 d5 2. c4 dxc4 3. e4 e5 4. Nf3 exd4 5. Nxd4 c5 6. Nb5 Qxd1+ 7. Kxd1 Na6 8.
Bf4 Kd7 9. Bxc4 f6 10. Ke2 Kc6 11. Rd1 Bd7 12. N1c3 g5 13. Nd6 gxf4 14. Nf7 Bg7
15. Bb5+ Kb6 16. Rxd7 Nc7 17. Ba4 Nh6 18. Nxh8 Bxh8 19. Rad1 Ng4 20. R1d6+ Ka5
21. Rxc7 b6 22. Rxh7 f5 23. Bc2 fxe4 24. Bxe4 Re8 25. Rxa7+ 1-0

[Event "Challenge"]
[Site "http://www.queenalice.com/game.php?id=524787"]
[Date "2009.1.18"]
[Round "-"]
[White "Abstro"]
[Black "Mazarine"]
[Result "0-1"]
[WhiteElo "1755"]
[BlackElo "1988"]

1. d4 b6 2. c4 e6 3. a3 Bb7 4. Nf3 Nf6 5. e3 d6 6. Be2 Nbd7 7. Nc3 Be7 8. O-O d5
9. b4 c6 10. c5 bxc5 0-1